<?xml version="1.0" encoding="UTF-8"?>
<record
    xmlns:xsi="http://www.w3.org/2001/XMLSchema-instance"
    xsi:schemaLocation="http://www.loc.gov/MARC21/slim http://www.loc.gov/standards/marcxml/schema/MARC21slim.xsd"
    xmlns="http://www.loc.gov/MARC21/slim">

  <leader>00423nam a22001697a 4500</leader>
  <datafield tag="999" ind1=" " ind2=" ">
    <subfield code="c">478397</subfield>
    <subfield code="d">478397</subfield>
  </datafield>
  <controlfield tag="003">NUST</controlfield>
  <controlfield tag="005">20180528065241.0</controlfield>
  <controlfield tag="008">180528b           ||||| |||| 00| 0 eng d</controlfield>
  <datafield tag="020" ind1=" " ind2=" ">
    <subfield code="a">9788173199912</subfield>
  </datafield>
  <datafield tag="038" ind1=" " ind2=" ">
    <subfield code="a">SNS Library </subfield>
  </datafield>
  <datafield tag="082" ind1=" " ind2=" ">
    <subfield code="a">531 </subfield>
  </datafield>
  <datafield tag="100" ind1=" " ind2=" ">
    <subfield code="a">Suresh Chandra </subfield>
    <subfield code="9">10543</subfield>
  </datafield>
  <datafield tag="245" ind1=" " ind2=" ">
    <subfield code="a">Classical Mechanics </subfield>
    <subfield code="c">Suresh Chandra </subfield>
  </datafield>
  <datafield tag="260" ind1=" " ind2=" ">
    <subfield code="a">New Delhi </subfield>
    <subfield code="b">Narosa </subfield>
    <subfield code="c">2009</subfield>
  </datafield>
  <datafield tag="300" ind1=" " ind2=" ">
    <subfield code="a">334 P.</subfield>
    <subfield code="b">Pb.</subfield>
  </datafield>
  <datafield tag="942" ind1=" " ind2=" ">
    <subfield code="2">ddc</subfield>
    <subfield code="c">BK</subfield>
  </datafield>
  <datafield tag="952" ind1=" " ind2=" ">
    <subfield code="0">0</subfield>
    <subfield code="1">0</subfield>
    <subfield code="2">ddc</subfield>
    <subfield code="4">0</subfield>
    <subfield code="7">0</subfield>
    <subfield code="a">SNS</subfield>
    <subfield code="b">SNS</subfield>
    <subfield code="d">2018-05-28</subfield>
    <subfield code="l">6</subfield>
    <subfield code="m">3</subfield>
    <subfield code="o">531</subfield>
    <subfield code="p">SNS0002480</subfield>
    <subfield code="r">2025-06-10</subfield>
    <subfield code="s">2025-06-02</subfield>
    <subfield code="w">2018-05-28</subfield>
    <subfield code="y">BK</subfield>
  </datafield>
</record>
